[Event "M.Chigorin Memorial 2014"]
[Site "?"]
[Date "2014.10.26"]
[Round "9.1"]
[White "Ivanisevic, Ivan"]
[Black "Bukavshin, Ivan"]
[Result "1/2-1/2"]
[WhiteElo "2623"]
[BlackElo "2616"]
[PlyCount "34"]
[EventDate "2014.??.??"]

1. c4 c6 2. e4 d5 3. exd5 cxd5 4. d4 Nf6 5. Nc3 Nc6 6. Bg5 Qa5 7. Bxf6 exf6 8.
cxd5 Bb4 9. dxc6 Bxc3+ 10. bxc3 Qxc3+ 11. Ke2 O-O 12. f3 Re8+ 13. Kf2 Qe3+ 14.
Kg3 Qg5+ 15. Kf2 Qe3+ 16. Kg3 Qg5+ 17. Kf2 Qe3+ 1/2-1/2

[Event "M.Chigorin Memorial 2014"]
[Site "?"]
[Date "2014.10.26"]
[Round "9.2"]
[White "Alekseev, Evgeny"]
[Black "Sethuraman, S.P."]
[Result "1/2-1/2"]
[WhiteElo "2682"]
[BlackElo "2613"]
[PlyCount "64"]
[EventDate "2014.??.??"]

1. e4 e6 2. d4 d5 3. Nc3 Bb4 4. exd5 exd5 5. Bd3 Nc6 6. a3 Bxc3+ 7. bxc3 Nge7
8. Qh5 Be6 9. Rb1 b6 10. Nf3 Qd7 11. Ng5 O-O-O 12. O-O Bg4 13. Qxf7 h6 14. f3
Bf5 15. Bxf5 Nxf5 16. Qxd7+ Rxd7 17. Nh3 Re8 18. Nf4 Na5 19. Nd3 Nc4 20. a4
Rde7 21. Rf2 Nfe3 22. Bxe3 Rxe3 23. Ra1 a5 24. g4 Kd7 25. Kg2 Kd6 26. h4 c6 27.
Kg3 Ke6 28. Rb1 Kf6 29. Kg2 R8e7 30. Kg3 Re8 31. Kg2 R8e7 32. Kg3 Re8 1/2-1/2

[Event "M.Chigorin Memorial 2014"]
[Site "?"]
[Date "2014.10.26"]
[Round "9.3"]
[White "Ponkratov, Pavel"]
[Black "Rodshtein, Maxim"]
[Result "1/2-1/2"]
[WhiteElo "2617"]
[BlackElo "2678"]
[PlyCount "198"]
[EventDate "2014.??.??"]

1. d4 d5 2. c4 e6 3. Nc3 Bb4 4. Qa4+ Nc6 5. e3 Nf6 6. Nge2 Bd7 7. Qb3 dxc4 8.
Qxc4 O-O 9. a3 Bd6 10. f4 Rb8 11. e4 b5 12. Qd3 b4 13. Nd1 Be7 14. Bd2 Na5 15.
Bxb4 Bxb4+ 16. axb4 Bb5 17. Qc3 Nc6 18. Nf2 Rb6 19. Nc1 Nxd4 20. Bxb5 Nxb5 21.
Qd3 Qe7 22. Qc4 e5 23. fxe5 Nd7 24. O-O Nxe5 25. Qc5 Re8 26. Ncd3 Nc6 27. Rfc1
Qd6 28. Rc4 h6 29. Re1 Ncd4 30. Qh5 Rbb8 31. Rc5 c6 32. Rf1 Ne6 33. Rf5 Rb7 34.
Qg4 Nbd4 35. Rh5 Ng5 36. h4 Nh7 37. e5 Qg6 38. e6 Qxg4 39. Nxg4 Nxe6 40. Re5
Nhf8 41. Re4 Rd8 42. Ngf2 Ng6 43. Rc1 Ne7 44. Rc3 Rd5 45. g3 h5 46. Kg2 g6 47.
Rcc4 Kg7 48. Rc3 Rdb5 49. Rcc4 Rd5 50. Rc3 Rd6 51. Ra3 Nf5 52. Ra6 Ned4 53. Re5
Nc2 54. Nc5 Rxb4 55. Rxa7 Rxb2 56. Nce4 Rd5 57. Re8 Nce3+ 58. Kf3 Rb3 59. Ng5
Nc4+ 60. Kf4 Ncd6 61. Ne6+ Kf6 62. Ng5 Nh6 63. Re6+ Kg7 64. Rxd6 Rxd6 65. Nfe4
Rb4 66. Kf3 Rd3+ 67. Ke2 Rxe4+ 68. Nxe4 Rd4 69. Kf3 Rc4 70. Rc7 Ng4 71. Nd6
Ne5+ 72. Ke3 Ra4 73. Ne4 Kf8 74. Kf4 Ng4 75. Kf3 Ra5 76. Nd6 f6 77. Rf7+ Kg8
78. Rc7 Ne5+ 79. Kf4 Ra4+ 80. Ne4 Kf8 81. Ke3 Ng4+ 82. Kf3 Ne5+ 83. Ke3 Ra3+
84. Kf2 Ng4+ 85. Kg2 Ra2+ 86. Kg1 Rc2 87. Kh1 f5 88. Ng5 Ke8 89. Ne6 Ne5 90.
Ng7+ Kf8 91. Ne6+ Kg8 92. Kg1 Rd2 93. Rg7+ Kh8 94. Re7 Kg8 95. Rg7+ Kh8 96. Re7
Nf3+ 97. Kf1 Nh2+ 98. Ke1 Nf3+ 99. Kf1 Nh2+ 1/2-1/2

[Event "M.Chigorin Memorial 2014"]
[Site "?"]
[Date "2014.10.26"]
[Round "9.4"]
[White "Yemelin, Vasily"]
[Black "Sjugirov, Sanan"]
[Result "1/2-1/2"]
[WhiteElo "2568"]
[BlackElo "2664"]
[PlyCount "93"]
[EventDate "2014.??.??"]

1. d4 d6 2. e4 Nf6 3. Nc3 e5 4. Nf3 Nbd7 5. Bc4 Be7 6. O-O O-O 7. a4 c6 8. Re1
b6 9. b3 Bb7 10. Bb2 a6 11. Bd3 Re8 12. Ne2 Bf8 13. Ng3 g6 14. c3 Qc7 15. Qc2
Bg7 16. h3 Rac8 17. Rad1 b5 18. Qb1 Qb6 19. c4 Qa5 20. axb5 axb5 21. Qa1 Qxa1
22. Rxa1 exd4 23. Bxd4 bxc4 24. Bxc4 Ra8 25. Ng5 d5 26. exd5 Rxe1+ 27. Rxe1
cxd5 28. Bb5 h6 29. Nxf7 Kxf7 30. Bxd7 Nxd7 31. Bxg7 h5 32. Bd4 Nf8 33. Ra1 Ra6
34. Nf1 Ne6 35. Rxa6 Bxa6 36. Be5 Nc5 37. Nd2 Ke6 38. Bd4 Nd3 39. Kh2 Kf5 40.
f3 g5 41. g3 h4 42. Be3 hxg3+ 43. Kxg3 Nc1 44. Kf2 Nd3+ 45. Kg3 Nc1 46. Kf2
Nd3+ 47. Kg3 1/2-1/2

[Event "M.Chigorin Memorial 2014"]
[Site "?"]
[Date "2014.10.26"]
[Round "9.5"]
[White "Matlakov, Maxim"]
[Black "Levin, Evgeny A"]
[Result "1/2-1/2"]
[WhiteElo "2692"]
[BlackElo "2507"]
[PlyCount "83"]
[EventDate "2014.??.??"]

1. d4 Nf6 2. c4 e6 3. Nf3 b6 4. Nc3 Bb7 5. a3 g6 6. Bf4 d6 7. e3 Nbd7 8. h3 Qe7
9. Be2 Bg7 10. O-O O-O 11. Qc2 c5 12. dxc5 Nxc5 13. Rad1 Rfd8 14. Nd2 d5 15. b4
Ncd7 16. Bg3 Nf8 17. cxd5 Nxd5 18. Nxd5 Bxd5 19. Ba6 Bb7 20. Bxb7 Qxb7 21. Ne4
Rac8 22. Qb1 Rxd1 23. Rxd1 Qa6 24. Nd6 Rc3 25. Ne8 Bh8 26. Bh4 Qxa3 27. Nf6+
Kg7 28. Ne8+ Kg8 29. Nf6+ Kg7 30. Ne8+ Kg8 31. Be7 Nd7 32. Kh2 Qa4 33. b5 Be5+
34. f4 Bxf4+ 35. exf4 Qxf4+ 36. Kg1 Rxh3 37. Nf6+ Kg7 38. Ne8+ Kg8 39. Nf6+ Kg7
40. gxh3 Qg3+ 41. Kh1 Qxh3+ 42. Kg1 1/2-1/2

[Event "M.Chigorin Memorial 2014"]
[Site "?"]
[Date "2014.10.26"]
[Round "9.6"]
[White "Grachev, Boris"]
[Black "Rozum, Ivan"]
[Result "1/2-1/2"]
[WhiteElo "2673"]
[BlackElo "2551"]
[PlyCount "80"]
[EventDate "2014.??.??"]

1. d4 Nf6 2. c4 e6 3. Nc3 Bb4 4. e3 c5 5. Nge2 cxd4 6. exd4 O-O 7. a3 Be7 8. g3
d5 9. cxd5 Nxd5 10. Bg2 Nxc3 11. bxc3 Nc6 12. O-O Bd7 13. Nf4 Rc8 14. d5 exd5
15. Nxd5 Be6 16. Bf4 Bg5 17. Qh5 Bxd5 18. Bxg5 Qa5 19. Bf6 Be6 20. Qxa5 Nxa5
21. Bd4 b6 22. Rfe1 Rfd8 23. Rab1 Nc6 24. Bxc6 Rxc6 25. f3 f6 26. Kf2 Kf7 27.
Rb5 Rd5 28. Rxd5 Bxd5 29. Rb1 Rc4 30. Rb4 Ke6 31. Ke3 h5 32. Rxc4 Bxc4 33. h4
Bb5 34. g4 Be8 35. c4 g6 36. gxh5 gxh5 37. c5 bxc5 38. Bxc5 a6 39. Bd4 Bc6 40.
Kf4 Bd5 1/2-1/2

[Event "M.Chigorin Memorial 2014"]
[Site "?"]
[Date "2014.10.26"]
[Round "9.7"]
[White "Stupak, Kirill"]
[Black "Kokarev, Dmitry"]
[Result "1/2-1/2"]
[WhiteElo "2545"]
[BlackElo "2626"]
[PlyCount "66"]
[EventDate "2014.??.??"]

1. d4 g6 2. Nf3 Nf6 3. c4 Bg7 4. g3 O-O 5. Bg2 d6 6. O-O c6 7. b3 Qa5 8. Bb2
Qh5 9. Nbd2 Bh3 10. e4 Bh6 11. e5 dxe5 12. Nxe5 Bxg2 13. Kxg2 Qxd1 14. Raxd1
Na6 15. Ndf3 Rfe8 16. h4 Ne4 17. Rfe1 Nd6 18. Ba3 Bg7 19. d5 c5 20. Re2 Rac8
21. Bc1 Bxe5 22. Nxe5 f6 23. Ng4 h5 24. Ne3 Kf7 25. a4 Nb8 26. Nc2 Nd7 27. Bf4
Nf5 28. a5 a6 29. Re6 Rcd8 30. Bc7 Rc8 31. Bf4 Rcd8 32. Bc7 Rc8 33. Bf4 Rcd8
1/2-1/2

[Event "M.Chigorin Memorial 2014"]
[Site "?"]
[Date "2014.10.26"]
[Round "9.8"]
[White "Demidov, Mikhail"]
[Black "Andriasian, Zaven"]
[Result "1/2-1/2"]
[WhiteElo "2516"]
[BlackElo "2622"]
[PlyCount "68"]
[EventDate "2014.??.??"]

1. d4 Nf6 2. Nf3 c5 3. dxc5 Na6 4. Be3 e6 5. g3 Bxc5 6. Bxc5 Nxc5 7. Bg2 b6 8.
c4 Bb7 9. Nc3 O-O 10. O-O d5 11. cxd5 Nxd5 12. Nxd5 Bxd5 13. b4 Ne4 14. Qd3 Rc8
15. Rac1 Qf6 16. Rxc8 Rxc8 17. Nd2 Nxd2 18. Qxd2 Bxg2 19. Kxg2 g6 20. Rd1 Kg7
21. Qd7 Qc3 22. Rd3 Qc6+ 23. Qxc6 Rxc6 24. e3 Kf6 25. Rd7 Rc4 26. Rxa7 Rxb4 27.
a4 b5 28. axb5 Rxb5 29. h4 h5 30. Kf3 Rf5+ 31. Kg2 Rd5 32. Kf3 Rf5+ 33. Kg2 Rd5
34. Kf3 Rf5+ 1/2-1/2

[Event "M.Chigorin Memorial 2014"]
[Site "?"]
[Date "2014.10.26"]
[Round "9.9"]
[White "Ganguly, Surya Shekhar"]
[Black "Tukhaev, Adam"]
[Result "1-0"]
[WhiteElo "2613"]
[BlackElo "2551"]
[PlyCount "71"]
[EventDate "2014.??.??"]

1. e4 c6 2. d4 d5 3. Nd2 dxe4 4. Nxe4 Nd7 5. Ng5 Ngf6 6. Bd3 c5 7. N1f3 cxd4 8.
O-O e6 9. Re1 Bd6 10. Nxd4 O-O 11. c3 Re8 12. Bc2 Qc7 13. h3 a6 14. Qe2 g6 15.
Qf3 Rb8 16. Bb3 b5 17. Nxf7 Bb7 18. Nh6+ Kg7 19. Qe2 Nc5 20. Ng4 Ng8 21. Ne5
Nf6 22. Ng4 Ng8 23. Ne5 Nf6 24. Bc2 Nce4 25. Ng4 Nxg4 26. Bxe4 Bh2+ 27. Kf1
Bxe4 28. Qxe4 Nxf2 29. Kxf2 Bg3+ 30. Kg1 Bxe1 31. Qxe1 e5 32. Nf3 Rbd8 33. Bg5
Rd3 34. Qe4 Qc5+ 35. Kh2 Qd5 36. Re1 1-0

[Event "M.Chigorin Memorial 2014"]
[Site "?"]
[Date "2014.10.26"]
[Round "9.10"]
[White "Predke, Alexandr"]
[Black "Potkin, Vladimir"]
[Result "1/2-1/2"]
[WhiteElo "2511"]
[BlackElo "2610"]
[PlyCount "81"]
[EventDate "2014.??.??"]

1. e4 c5 2. Nf3 e6 3. d4 cxd4 4. Nxd4 Nc6 5. Nc3 Qc7 6. Be3 a6 7. Qd2 Nf6 8. f4
Bb4 9. Bd3 Na5 10. a3 Bxc3 11. Qxc3 Qxc3+ 12. bxc3 d5 13. e5 Ne4 14. Nb3 Nc4
15. Bxc4 dxc4 16. Na5 Bd7 17. Bd4 Rc8 18. Nxb7 Bc6 19. Na5 Bd5 20. Rb1 f5 21.
Nb7 Rg8 22. Nd6+ Nxd6 23. exd6 g5 24. Rf1 Kd7 25. g3 gxf4 26. Rxf4 Kxd6 27. Rh4
Rb8 28. Rb4 a5 29. Rb6+ Rxb6 30. Bxb6 Rb8 31. Bxa5 Rb2 32. Kd2 Be4 33. Rxh7
Rxc2+ 34. Ke3 Bd3 35. Rh6 Kd5 36. Bb4 Re2+ 37. Kf3 Ra2 38. Ke3 Re2+ 39. Kf3 Ra2
40. Ke3 Re2+ 41. Kf3 1/2-1/2

[Event "M.Chigorin Memorial 2014"]
[Site "?"]
[Date "2014.10.26"]
[Round "9.11"]
[White "Goganov, Aleksey"]
[Black "Pridorozhni, Aleksei"]
[Result "1/2-1/2"]
[WhiteElo "2608"]
[BlackElo "2514"]
[PlyCount "169"]
[EventDate "2014.??.??"]

1. d4 e6 2. c4 b6 3. e4 Bb7 4. Bd3 Nc6 5. Nf3 Nb4 6. Nc3 Nxd3+ 7. Qxd3 Ne7 8.
O-O Ng6 9. Be3 Be7 10. d5 O-O 11. Rab1 a5 12. a3 f5 13. exf5 Rxf5 14. Nd4 Rf7
15. f4 Bf6 16. Rbd1 Qc8 17. b3 Be7 18. Ndb5 c6 19. dxe6 dxe6 20. Nd6 Bxd6 21.
Qxd6 b5 22. Ne4 bxc4 23. bxc4 Ba6 24. Qd3 Qc7 25. Ng5 Rf5 26. Nxe6 Qf7 27. Nd8
Qf6 28. Nxc6 Rf8 29. Nd4 Rh5 30. Nb5 Bb7 31. Qd7 Qh4 32. Qe6+ Kh8 33. Qh3 Qxh3
34. gxh3 Nh4 35. Nd6 Bf3 36. Rb1 Kg8 37. Bf2 Bg2 38. Bxh4 Bxf1 39. Be7 Bd3 40.
Rb3 Bc2 41. Rb2 Ba4 42. Bxf8 Kxf8 43. Rb7 g6 44. Rf7+ Kg8 45. Kg2 Rc5 46. Ra7
Bb3 47. Ne4 Rxc4 48. Nf6+ Kf8 49. Nxh7+ Kg8 50. Nf6+ Kf8 51. Rxa5 Rxf4 52. Ng4
Bc2 53. Kg3 Rd4 54. Kh4 Rd3 55. Ra7 Ke8 56. a4 Kd8 57. a5 Ra3 58. a6 Bd3 59.
Kg5 Kc8 60. Ne5 Be4 61. h4 Ra5 62. Kf6 Kb8 63. Re7 Rxa6+ 64. Re6 Ra2 65. Nd7+
Kc7 66. Rxe4 Kxd7 67. Kxg6 Rxh2 68. h5 Rg2+ 69. Kf6 Rf2+ 70. Kg6 Rg2+ 71. Kf5
Rf2+ 72. Kg4 Rg2+ 73. Kf4 Rh2 74. Kg5 Rg2+ 75. Kh6 Rg1 76. Re5 Rg2 77. Kh7 Rg1
78. Kh8 Rg2 79. h6 Rg6 80. Kh7 Rg1 81. Ra5 Ke7 82. Ra7+ Kf8 83. Rg7 Rf1 84. Kg6
Rg1+ 85. Kh7 1/2-1/2

[Event "M.Chigorin Memorial 2014"]
[Site "?"]
[Date "2014.10.26"]
[Round "9.12"]
[White "Kazhgaleyev, Murtas"]
[Black "Popov, Valerij"]
[Result "1/2-1/2"]
[WhiteElo "2566"]
[BlackElo "2546"]
[PlyCount "82"]
[EventDate "2014.??.??"]

1. d4 d5 2. c4 c6 3. Nf3 Nf6 4. e3 Bf5 5. Nc3 a6 6. cxd5 cxd5 7. Ne5 Nc6 8. Be2
h5 9. Qa4 Bd7 10. Nxd7 Qxd7 11. b4 e6 12. Rb1 Ra7 13. b5 axb5 14. Qxb5 Be7 15.
O-O O-O 16. Bd2 g6 17. Rfc1 Rfa8 18. a4 Ne8 19. Qb3 Bb4 20. Nxd5 Bxd2 21. Nb6
Qd8 22. Rd1 Bb4 23. Nxa8 Qxa8 24. d5 exd5 25. Rxd5 Rxa4 26. Rd7 Be7 27. Qxb7
Qxb7 28. Rdxb7 Ra7 29. Bf3 Nd6 30. Bxc6 Nxb7 31. Bxb7 Bf6 32. g3 Ra1 33. Rxa1
Bxa1 34. Kg2 f5 35. Kf3 Kg7 36. h3 Kf6 37. Bc6 Bc3 38. Ba4 Be1 39. Bb3 Ba5 40.
Ke2 Bb4 41. f4 Ba5 1/2-1/2

[Event "M.Chigorin Memorial 2014"]
[Site "St. Petersburg"]
[Date "2014.10.26"]
[Round "9.13"]
[White "Bernadskiy, Vitaliy"]
[Black "Ulko, Jaroslav"]
[Result "1/2-1/2"]
[WhiteElo "2558"]
[BlackElo "2489"]
[PlyCount "138"]
[EventDate "2014.10.18"]

1. Nf3 c5 2. g3 Nc6 3. Bg2 g6 4. O-O Bg7 5. c4 e6 6. Nc3 Nge7 7. d3 d5 8. cxd5
exd5 9. Bf4 O-O 10. Rc1 h6 11. h4 b6 12. d4 Be6 13. dxc5 bxc5 14. b3 Rc8 15. e4
Nb4 16. exd5 Nexd5 17. Nxd5 Bxd5 18. Qd2 Be4 19. Rfd1 Qxd2 20. Rxd2 Rcd8 21.
Rxd8 Rxd8 22. Rxc5 Nxa2 23. Be3 Bd5 24. Nd2 Bxg2 25. Kxg2 Bd4 26. Bxd4 Rxd4 27.
Nf3 Rd7 28. Rc4 Rb7 29. Nd2 Kg7 30. Kf3 Nb4 31. Ne4 Nd5 32. Nc5 Rb5 33. Ke4 Nb6
34. Rc2 Kf6 35. Kd4 Kf5 36. f3 Rb4+ 37. Kc3 Nd5+ 38. Kd3 Ke5 39. Re2+ Kd6 40.
Ne4+ Kc6 41. Rc2+ Kb6 42. Rc8 Ne7 43. Re8 Nc6 44. Kc3 Rd4 45. Rf8 Rd7 46. Nf6
Rb7 47. g4 Ne5 48. f4 Nf3 49. h5 gxh5 50. Nxh5 Rc7+ 51. Kd3 Ne1+ 52. Ke4 Kc5
53. Rh8 Re7+ 54. Kf5 Re6 55. Nf6 Nf3 56. Rxh6 Nd4+ 57. Kg5 Nxb3 58. f5 Re7 59.
Kf4 Kd4 60. g5 Nc5 61. Ng4 a5 62. Rd6+ Kc3 63. Ne5 a4 64. Rc6 Kd4 65. Rd6+ Kc3
66. Rd8 Rc7 67. Ra8 Kb3 68. Rb8+ Kc3 69. Ra8 Kb3 1/2-1/2

[Event "M.Chigorin Memorial 2014"]
[Site "St. Petersburg"]
[Date "2014.10.26"]
[Round "9.15"]
[White "Sorokin, Aleksey"]
[Black "Khismatullin, Denis"]
[Result "0-1"]
[WhiteElo "2246"]
[BlackElo "2681"]
[PlyCount "120"]
[EventDate "2014.10.18"]

1. d4 e6 2. c4 b6 3. Nf3 Bb7 4. a3 g6 5. Nc3 Bg7 6. e4 Ne7 7. Bd3 d6 8. d5 Nd7
9. O-O h6 10. Be3 Bxc3 11. bxc3 e5 12. Qd2 g5 13. h4 f6 14. Nh2 Ng6 15. Be2 Qe7
16. h5 Nf4 17. Bg4 Ba6 18. g3 Bxc4 19. Rfe1 Rg8 20. Qd1 Qf7 21. Bxf4 gxf4 22.
Be6 Qh7 23. Bxg8 Qxg8 24. Kh1 Nc5 25. gxf4 Nd3 26. Qf3 Nxf4 27. Rg1 Qf7 28. Qg4
Ke7 29. Nf1 Be2 30. Qg7 Bf3+ 31. Kh2 Nxh5 32. Qxf7+ Kxf7 33. Nd2 Be2 34. Rae1
Bb5 35. Re3 Bd7 36. Nf3 f5 37. exf5 Bxf5 38. Nh4 Bc2 39. c4 Rf8 40. Rc3 Be4 41.
Re3 Bh7 42. Rf3+ Ke8 43. Rxf8+ Kxf8 44. Ng2 Bd3 45. Ne3 Nf4 46. Rd1 Ke7 47. Kg3
Kd7 48. Ng2 Ne2+ 49. Kg4 Bxc4 50. Ne3 Bb3 51. Rb1 Ba4 52. Rh1 Nf4 53. Rb1 a5
54. Kf3 Kc8 55. Ke4 h5 56. Rb2 h4 57. f3 Be8 58. Kf5 h3 59. Rh2 Kb7 60. Nc4
Nxd5 0-1

[Event "M.Chigorin Memorial 2014"]
[Site "St. Petersburg"]
[Date "2014.10.26"]
[Round "9.16"]
[White "Smirin, Ilia"]
[Black "Nezad, Husein Aziz"]
[Result "1-0"]
[WhiteElo "2655"]
[BlackElo "2400"]
[PlyCount "63"]
[EventDate "2014.10.18"]

1. e4 e5 2. Nf3 Nc6 3. Bb5 Nf6 4. d3 Bc5 5. c3 O-O 6. O-O d6 7. Bg5 h6 8. Bh4
Bd7 9. Nbd2 Re8 10. b4 Bb6 11. Nc4 Ne7 12. Bxd7 Nxd7 13. d4 exd4 14. cxd4 Nf8
15. a4 c6 16. Ne3 Qd7 17. a5 Bc7 18. a6 Rab8 19. Qc2 Bb6 20. Bg3 Ne6 21. Rfd1
bxa6 22. Nc4 Bc7 23. Rxa6 d5 24. exd5 cxd5 25. Nce5 Bxe5 26. Nxe5 Qb7 27. Qd3
Nxd4 28. Ng4 Rbc8 29. Rxh6 Nef5 30. Rh5 Qxb4 31. Be5 Rc3 32. Nf6+ 1-0

[Event "M.Chigorin Memorial 2014"]
[Site "St. Petersburg"]
[Date "2014.10.26"]
[Round "9.17"]
[White "Hayrapetyan, Hovik"]
[Black "Khairullin, Ildar"]
[Result "1-0"]
[WhiteElo "2426"]
[BlackElo "2643"]
[PlyCount "69"]
[EventDate "2014.10.18"]

1. d4 f5 2. c4 Nf6 3. Nc3 d6 4. g3 g6 5. Bg2 Bg7 6. Nf3 O-O 7. O-O c6 8. b3
Nbd7 9. Qc2 Re8 10. Bb2 e5 11. dxe5 dxe5 12. Rad1 e4 13. Nd4 Qc7 14. f3 f4 15.
gxf4 Qxf4 16. Nxe4 Nxe4 17. fxe4 Qe5 18. Kh1 Nc5 19. b4 Nxe4 20. Nxc6 Qxb2 21.
Ne7+ Kh8 22. Qxe4 Bf5 23. Qxb7 Rab8 24. Qxa7 Bg4 25. c5 Bxe2 26. Rb1 Qd2 27. c6
Bd4 28. Qd7 Rbd8 29. Qe6 Bxf1 30. Rxf1 Qxb4 31. c7 Rc8 32. Qxc8 Rxc8 33. Nxc8
Qc5 34. Nd6 Qxc7 35. Rf8+ 1-0

[Event "M.Chigorin Memorial 2014"]
[Site "St. Petersburg"]
[Date "2014.10.26"]
[Round "9.18"]
[White "Iljin, Timofey"]
[Black "Savchenko, Boris"]
[Result "1/2-1/2"]
[WhiteElo "2388"]
[BlackElo "2608"]
[PlyCount "170"]
[EventDate "2014.10.18"]

1. d4 Nf6 2. c4 g6 3. Nc3 Bg7 4. e4 O-O 5. Nf3 d6 6. Be2 e5 7. O-O Na6 8. Be3
c6 9. d5 Ng4 10. Bg5 f6 11. Bh4 h5 12. Ne1 Nh6 13. f3 Qb6+ 14. Bf2 Qxb2 15. Nc2
Qxc3 16. Be1 Qb2 17. Rb1 Qxa2 18. Ra1 Qxa1 19. Qxa1 c5 20. Na3 Nc7 21. Nb5 Nxb5
22. cxb5 Bd7 23. Bd2 Nf7 24. Rb1 f5 25. Rb3 Bf6 26. Ra3 a6 27. bxa6 bxa6 28.
Rxa6 Rab8 29. Ra7 Bb5 30. Bxb5 Rxb5 31. Ra8 fxe4 32. Rxf8+ Kxf8 33. fxe4 Kg7
34. Qa7 Rb1+ 35. Kf2 Rb2 36. Ke1 Kg8 37. Qd7 Bh4+ 38. Kd1 Bf6 39. g4 h4 40. g5
Bd8 41. h3 Rb1+ 42. Ke2 Rb3 43. Be3 Kg7 44. Qg4 c4 45. Qc8 Rb2+ 46. Kd1 Rh2 47.
Bd2 Rg2 48. Qxc4 Bxg5 49. Bb4 Rb2 50. Bc3 Rh2 51. Qc8 Rh1+ 52. Ke2 Rc1 53. Kd3
Bd8 54. Qd7 Bb6 55. Bd2 Rc7 56. Qg4 Bf2 57. Bb4 Rc1 58. Qd7 Bc5 59. Bd2 Rg1 60.
Ba5 Ra1 61. Bd2 Ra3+ 62. Kc4 Rg3 63. Bc3 g5 64. Bxe5+ dxe5 65. Kxc5 g4 66. d6
gxh3 67. Qe7 Rd3 68. d7 h2 69. Qxh4 Rd2 70. Kc6 Kg6 71. Kc7 Rc2+ 72. Kb6 Kg7
73. Kb7 Ra2 74. Kc7 Ra7+ 75. Kb6 Ra2 76. Kc7 Rd2 77. Kc8 Kg6 78. Kc7 Rc2+ 79.
Kb8 Kg7 80. Kb7 Ra2 81. Kc7 Ra7+ 82. Kb6 Rxd7 83. Qxh2 Rd4 84. Kc5 Kg6 85. Qxe5
Nxe5 1/2-1/2

[Event "M.Chigorin Memorial 2014"]
[Site "St. Petersburg"]
[Date "2014.10.26"]
[Round "9.19"]
[White "Wen, Yang"]
[Black "Pasiev, Rakhim"]
[Result "1-0"]
[WhiteElo "2601"]
[BlackElo "2393"]
[PlyCount "95"]
[EventDate "2014.10.18"]

1. Nf3 c5 2. g3 b6 3. Bg2 Bb7 4. O-O Nf6 5. d3 d6 6. e4 Nbd7 7. Nc3 e6 8. Ng5
Qc7 9. f4 h6 10. Nh3 Be7 11. Qe2 a6 12. Bd2 Nf8 13. f5 e5 14. Nd1 N8d7 15. Ne3
Bc6 16. Nf2 Qb7 17. Nfd1 b5 18. Nc3 Bd8 19. a4 Nb6 20. b3 Nfd7 21. Kh1 Be7 22.
Bf3 Qb8 23. Kg2 Qd8 24. Ra2 Nf6 25. Rfa1 Qd7 26. Kg1 Qb7 27. Be1 b4 28. Ncd1 a5
29. Nb2 Qa7 30. Bf2 Rd8 31. Re1 Kd7 32. Raa1 Kc8 33. Rac1 Nfd7 34. h4 h5 35. c3
bxc3 36. Nbd1 g5 37. fxg6 fxg6 38. Nxc3 g5 39. Ned5 Bxd5 40. exd5 gxh4 41. Nb5
Qb8 42. d4 Rdf8 43. dxc5 dxc5 44. d6 Bg5 45. Rxc5+ Nxc5 46. Bxc5 Kd8 47. Qxe5
Rhg8 48. Nd4 1-0

[Event "M.Chigorin Memorial 2014"]
[Site "St. Petersburg"]
[Date "2014.10.26"]
[Round "9.20"]
[White "Volkov, Sergey"]
[Black "Tologontegin, Semetey"]
[Result "1-0"]
[WhiteElo "2599"]
[BlackElo "2379"]
[PlyCount "99"]
[EventDate "2014.10.18"]

1. d4 d5 2. c4 e6 3. Nc3 a6 4. cxd5 exd5 5. Nf3 c6 6. Qc2 Bd6 7. Bg5 Ne7 8. e3
Bg4 9. Bd3 Nd7 10. Bh4 g6 11. Nd2 Qb8 12. e4 dxe4 13. Ndxe4 O-O 14. h3 Be6 15.
Nxd6 Qxd6 16. O-O Nf5 17. Bxf5 Bxf5 18. Qd2 Nf6 19. Bg3 Qd7 20. f3 Rfe8 21.
Rae1 Rxe1 22. Rxe1 Re8 23. Be5 Nd5 24. g4 Nxc3 25. bxc3 Be6 26. Qg5 Qe7 27. Bf6
Qd6 28. Re5 Qf8 29. Qe3 b5 30. f4 Bd7 31. Be7 Qg7 32. g5 h5 33. h4 Kh7 34. Qf3
Qg8 35. f5 Bxf5 36. Qxc6 Be6 37. Bf6 Rc8 38. Qxa6 Rxc3 39. Rxe6 Rc1+ 40. Kf2
Qb8 41. Be5 Rc2+ 42. Ke3 Qf8 43. Rc6 Rxc6 44. Qxc6 Qa3+ 45. Kd2 Qxa2+ 46. Qc2
Qa5+ 47. Qc3 Qa8 48. Kc1 Qh1+ 49. Kb2 Qxh4 50. Qf3 1-0

[Event "M.Chigorin Memorial 2014"]
[Site "St. Petersburg"]
[Date "2014.10.26"]
[Round "9.21"]
[White "Timofeev, Artyom"]
[Black "Triapishko, Olexandr"]
[Result "1/2-1/2"]
[WhiteElo "2598"]
[BlackElo "2369"]
[PlyCount "81"]
[EventDate "2014.10.18"]

1. e4 e5 2. Nf3 Nc6 3. Bb5 a6 4. Ba4 d6 5. O-O Nf6 6. Re1 Bd7 7. c3 g6 8. d4
Bg7 9. dxe5 Nxe5 10. Nxe5 dxe5 11. Bxd7+ Qxd7 12. Qxd7+ Nxd7 13. Be3 Bf8 14.
Rd1 O-O-O 15. Kf1 Bc5 16. Ke2 Bxe3 17. Kxe3 Nc5 18. Nd2 Rd3+ 19. Ke2 Rhd8 20.
Nc4 f6 21. f3 Ne6 22. g3 Rxd1 23. Rxd1 Rxd1 24. Kxd1 Kd7 25. Ke2 Nc5 26. b3 Ke6
27. g4 b6 28. b4 Nd7 29. a4 b5 30. axb5 axb5 31. Na3 c6 32. c4 bxc4 33. Nxc4
Nb8 34. Na5 Kd6 35. Nb7+ Kc7 36. Nc5 Nd7 37. Kd3 Nxc5+ 38. bxc5 g5 39. Kc4 Kb7
40. Kb4 Ka6 41. Ka4 1/2-1/2

[Event "M.Chigorin Memorial 2014"]
[Site "St. Petersburg"]
[Date "2014.10.26"]
[Round "9.22"]
[White "Paravyan, David"]
[Black "Demchenko, Anton"]
[Result "0-1"]
[WhiteElo "2424"]
[BlackElo "2588"]
[PlyCount "85"]
[EventDate "2014.10.18"]

1. e4 e5 2. Nf3 Nc6 3. Bb5 a6 4. Ba4 d6 5. O-O Bd7 6. c4 Nge7 7. Nc3 g6 8. d4
Bg7 9. d5 Nd4 10. Bxd7+ Qxd7 11. Be3 Nxf3+ 12. Qxf3 f5 13. exf5 gxf5 14. Qh5+
Ng6 15. f4 exf4 16. Bxf4 O-O-O 17. Bd2 Rhf8 18. Rae1 Bd4+ 19. Kh1 Ne5 20. Qh4
Bb6 21. Bf4 Rde8 22. Bxe5 dxe5 23. b4 Bd4 24. Ne2 Be3 25. Ng3 Bd2 26. Rd1 Bxb4
27. Qh5 e4 28. Nxf5 e3 29. Nd4 Rf2 30. Ne2 Ref8 31. Rxf2 exf2 32. Rf1 Bc5 33.
Ng3 Re8 34. h3 Kb8 35. Kh2 Re1 36. Qf3 Qd6 37. Rxf2 Bxf2 38. Qxf2 Rc1 39. Qd4
b6 40. Qh8+ Kb7 41. Qxh7 Rxc4 42. Qd3 Ra4 43. Qf5 0-1

[Event "M.Chigorin Memorial 2014"]
[Site "St. Petersburg"]
[Date "2014.10.26"]
[Round "9.23"]
[White "Aleksandrov, Aleksej"]
[Black "Gevorgyan, David"]
[Result "1-0"]
[WhiteElo "2583"]
[BlackElo "2382"]
[PlyCount "131"]
[EventDate "2014.10.18"]

1. d4 Nf6 2. c4 e6 3. Nc3 Bb4 4. e3 O-O 5. Bd3 c5 6. a3 Bxc3+ 7. bxc3 d6 8. Ne2
Nc6 9. O-O e5 10. e4 Re8 11. d5 Na5 12. Ng3 Nd7 13. Rb1 f6 14. Nf5 Nf8 15. Ne3
Ng6 16. g3 Bh3 17. Re1 Bd7 18. Kh1 Re7 19. Rb2 Qe8 20. h4 Rd8 21. f3 Ba4 22.
Bc2 Bd7 23. Bd2 Rf7 24. Bd3 b6 25. Rf1 Rc8 26. Be1 Re7 27. Bf2 Bh3 28. Re1 Bd7
29. Bg1 Rb8 30. Bh2 Nf8 31. Qe2 Ng6 32. Qf2 Rb7 33. Kg1 Nf8 34. f4 Qb8 35. Qe2
Re8 36. Kh1 Re7 37. Qf3 Bc8 38. Rg1 Bd7 39. g4 Ng6 40. f5 Nxh4 41. Qg3 g5 42.
fxg6 Nxg6 43. g5 Rf7 44. Rf2 Qf8 45. Rgf1 Bc8 46. gxf6 Kh8 47. Be2 Qh6 48. Nf5
Bxf5 49. Rxf5 Rb8 50. Bh5 Rg8 51. Qd3 Nb7 52. Rg1 Rff8 53. Qh3 Na5 54. Qd3 Nh4
55. Rxg8+ Rxg8 56. f7 Nxf5 57. fxg8=Q+ Kxg8 58. Qf3 Nd4 59. cxd4 cxd4 60. Qf7+
Kh8 61. Bg3 Nxc4 62. Bh4 Qc1+ 63. Kg2 Qd2+ 64. Kh3 Qd3+ 65. Bg3 h6 66. Bg6 1-0

[Event "M.Chigorin Memorial 2014"]
[Site "St. Petersburg"]
[Date "2014.10.26"]
[Round "9.24"]
[White "Baghdasaryan, Vahe"]
[Black "Burmakin, Vladimir"]
[Result "1-0"]
[WhiteElo "2343"]
[BlackElo "2583"]
[PlyCount "81"]
[EventDate "2014.10.18"]

1. Nf3 d5 2. g3 c6 3. c4 Nf6 4. Bg2 Bf5 5. O-O e6 6. cxd5 cxd5 7. Qb3 Qb6 8.
Qxb6 axb6 9. Nc3 Nc6 10. d3 Bg4 11. Nb5 Kd7 12. a3 Bc5 13. Bf4 Bxf3 14. Bxf3
Nd4 15. Nxd4 Bxd4 16. e3 Bc5 17. Be5 Rhc8 18. e4 Bd6 19. Bc3 dxe4 20. dxe4 e5
21. Bg2 Ke7 22. f4 Ng4 23. Bh3 Bc5+ 24. Kh1 Nf2+ 25. Rxf2 Bxf2 26. Bxc8 Rxc8
27. Bxe5 f6 28. Bc3 Rc4 29. Kg2 Bd4 30. Kf3 b5 31. Bxd4 Rxd4 32. Ke3 Rc4 33.
Rd1 Rc5 34. Rd5 Rxd5 35. exd5 Kd6 36. Ke4 Kc5 37. f5 h5 38. h3 Kd6 39. Kd4 b6
40. h4 Kd7 41. Kc3 1-0